000 00558nam a2200145 a 4500
001 ASINB0000D5ILV
005 20150916122150.0
008 150916s1969 xxu eng d
100 1 _aPirzada, Syed Sharifuddin, ed.
245 1 0 _aFoundations of pakistan :
_ball india muslim league documents, 1906-1947 /
_cSyed Sharifuddin, ed. Pirzada.
260 _a[S.l.] :
_bKarachi/Dacca: National Publishing House,,
_c1969.
300 _a1 v. (unpaged)
500 _aImport.
856 4 0 _3Amazon.com
_uhttp://www.amazon.com/exec/obidos/ASIN/B0000D5ILV/chopaconline-20
999 _c14084
_d14084